000 00403nam a2200169Ia 4500
008 230524s9999 xx 000 0 und d
020 _a0070411832
082 _a5.133
_bSCH
100 _aHerbert Schildt
245 4 _aThe Complete Reference C
250 _a4TH
260 _aNEW DELHI
_bMc Graw-Hill
_c2005
300 _aXX;805
500 _aQuantity Number: 5
650 _aComp-Sc
942 _cBK
999 _c25244
_d25244